Normal view
MARC view
- ASAS 50
Entry Corporate Name
001 - CONTROL NUMBER
- control field: 946
003 - CONTROL NUMBER IDENTIFIER
- control field: OSt
005 - DATE AND TIME OF LATEST TRANSACTION
- control field: 20170503155655.0
008 - FIXED-LENGTH DATA ELEMENTS
- fixed length control field: 170503|| aca||aabn | a|a d
040 ## - CATALOGING SOURCE
- Original cataloging agency: OSt
- Transcribing agency: OSt
110 ## - HEADING--CORPORATE NAME
- Corporate name or jurisdiction name as entry element: ASAS 50
670 ## - SOURCE DATA FOUND
- Source citation: Work cat.: (OSt)0: Ahmad Sebi, Dato', 1947- 944, Media, tinta dan kuasa /, 1991

PORTAL AKMAL
E-MEL JKDM
AKMAL2U
G-BAM
u-PUSTAKA